000 00393nam a22001697a 4500
003 NUST - PNEC
005 20170116181111.0
008 151003b xxu||||| |||| 00| 0 eng d
020 _a-
040 _cLIBRARY
082 _a621.38195 HOW
100 _912941
_aHowell, David
245 _aIC Master
_cDavid Howell
260 _cc.1988
650 _912948
_aIC Master
_xMIS
942 _2ddc
_cBK
999 _c69132
_d69132